| 000 | 00993nam a22003257a 4500 | ||
|---|---|---|---|
| 003 | CHAP | ||
| 005 | 20220329135426.0 | ||
| 008 | 971013s1957 r 00010 d | ||
| 010 | _a36264 | ||
| 011 | _a37236 | ||
| 035 | _a41355 | ||
| 040 | _cCHAP | ||
| 090 | _aFolleto 1634 | ||
| 110 |
_aMéxico. Departamento Agrario _976898 |
||
| 245 |
_aCampesino _b: defiende tus bosques |
||
| 260 |
_aMéxico, D.F. : _bEl Departamento, _c1957 |
||
| 300 | _a60 p | ||
| 490 |
_aCartillas agrarias _v; 12 |
||
| 590 |
_aBATCH-UPD _b10 _c20130109 _lUCH01 _h2315 |
||
| 590 |
_aBATCH-UPD _b10 _c20130110 _lUCH01 _h1727 |
||
| 590 |
_aBATCH-UPD _b10 _c20130410 _lUCH01 _h1109 |
||
| 590 |
_aBATCH-UPD _b10 _c20130914 _lUCH01 _h0711 |
||
| 590 |
_aCONVERSION _b10 _c20130109 _lUCH01 _h1320 |
||
| 650 | 1 | 4 |
_aBosques _xMéxico. _914341 |
| 650 | 1 | 4 |
_aBosques _xProtección. _914369 |
| 830 | 0 |
_aCartillas agrarias _v; 12 _919640 |
|
| 901 | _aBK | ||
| 942 | _cFOLL | ||
| 949 |
_aFolleto 1634 _bBC _cFOLL _d-94696 _eTS1 _i41355 _si |
||
| 999 |
_c36264 _d36264 |
||